Подробности
| 000 -МАРКЕР |
| контрольное поле |
05479njm0a2200541 4500 |
| 001 - ИДЕНТИФИКАТОР ЗАПИСИ |
| контрольное поле |
RU\NLR\ONIZ\265778 |
| 005 - ИДЕНТИФИКАТОР ВЕРСИИ |
| контрольное поле |
20250708193358.0 |
| 035 ## - ДРУГИЕ СИСТЕМНЫЕ НОМЕРА |
| Идентификатор записи |
(NLR Aleph) 012765897 |
| 071 00 - ИЗДАТЕЛЬСКИЙ НОМЕР |
| Номер, присвоенный агентством |
Д-012493-4 |
| 100 ## - ДАННЫЕ ОБЩЕЙ ОБРАБОТКИ |
| Данные общей обработки |
20220411g19 |||y0rusy50 ca |
| 102 ## - СТРАНА ПУБЛИКАЦИИ ИЛИ ПРОИЗВОДСТВА |
| Страна публикации |
Российская Федерация |
| 126 ## - ПОЛЕ КОДИРОВАННЫХ ДАННЫХ: ЗВУКОЗАПИСИ - ФИЗИЧЕСКИЕ ХАРАКТЕРИСТИКИ |
| Кодированные данные звукозаписи (общие) |
abaxdxu ux |
| Кодированные данные звукозаписи (уточнения) |
xxx |
| 127 ## - ПОЛЕ КОДИРОВАННЫХ ДАННЫХ: ПРОДОЛЖИТЕЛЬНОСТЬ ЗВУКОЗАПИСЕЙ И НОТНЫХ ИЗДАНИЙ (МУЗЫКАЛЬНОЕ ИСПОЛНЕНИЕ) |
| Продолжительность |
000030 |
| 200 1# - ЗАГЛАВИЕ И СВЕДЕНИЯ ОБ ОТВЕТСТВЕННОСТИ |
| Основное заглавие |
[Поёт] Галина Вишневская |
| Общее обозначение материала |
Звукозапись |
| 203 ## - ВИД СОДЕРЖАНИЯ И ТИП СРЕДСТВА |
| Вид содержания |
Музыка |
| Дополнительные сведения об издании |
|
| Тип средства |
аудио |
| 210 ## - ПУБЛИКАЦИЯ, РАСПРОСТРАНЕНИЕ И ДР. |
| Место издания, распространения и т.д. |
Ленинград |
| Имя издателя, распространителя и т. д. |
Аккорд |
| Дата издания, распространения и т.д. |
[19--] |
| 215 ## - ФИЗИЧЕСКАЯ ХАРАКТЕРИСТИКА |
| Специфическое обозначение материала и объем |
1 грп. [ГОСТ 5289-56] (30 мин) : 33 об/мин, моно |
| Размеры |
25 см, в конв |
| 327 1# - ПРИМЕЧАНИЯ О СОДЕРЖАНИИ |
| Текст примечания |
1. Две арии Марфы : из оперы "Царская невеста", д. 2, 4 / Н. Римский-Корсаков. |
| -- |
2. Колыбельная Марии : из оперы "Мазепа", д. 3 / П. Чайковский ; |
| -- |
3. Ариозо Кумы : из оперы "Чародейка", д. 4 / П. Чайковский. |
| -- |
4. Ариозо Наташи : из оперы "Опричник", д. 1. |
| -- |
5. Ариозо Иоланты : из оперы "Иоланта" / П. Чайковский ; |
| -- |
6. Два ариозо Лизы : из оперы "Пиковая дама", д. 1, 3 / П. Чайковский ; |
| -- |
7. Ария Иоанны : из оперы "Орлеанская дева", д. 1 / П. Чайковский ; сопровождает : Оркестр Большого театра СССР, дирижёры Б. Хайкин (1-5, 7), А. Мелик-Пашаев (6) |
| 464 #0 - АНАЛИТИЧЕСКИЙ УРОВЕНЬ |
| Встроенное поле |
2001#$aДве арии Марфы$eиз оперы "Царская невеста", д. 2, 4$fН. Римский-Корсаков |
| -- |
50000$aЦарская невеста$iДве арии Марфы, д. 2, 4$bЗвукозапись$lопера$rоркестр$rсопрано |
| Заглавие |
Две арии Марфы |
| 464 #0 - АНАЛИТИЧЕСКИЙ УРОВЕНЬ |
| Встроенное поле |
2001#$aКолыбельная Марии$eиз оперы "Мазепа", д. 3$fП. Чайковский |
| -- |
50000$aМазепа$iКолыбельная Марии, д. 3$bЗвукозапись$lопера$rоркестр$rсопрано |
| Заглавие |
Колыбельная Марии |
| 464 #0 - АНАЛИТИЧЕСКИЙ УРОВЕНЬ |
| Встроенное поле |
2001#$aАриозо Кумы$eиз оперы "Чародейка", д. 4$fП. Чайковский |
| -- |
50000$aЧародейка$iАриозо Кумы, д. 4$bЗвукозапись$lопера$rоркестр$rсопрано |
| Заглавие |
Ариозо Кумы |
| 464 #0 - АНАЛИТИЧЕСКИЙ УРОВЕНЬ |
| Встроенное поле |
2001#$aАриозо Наташи$eиз оперы "Опричник", д. 1$fП. Чайковский |
| -- |
50000$aОпричник$iАриозо Наташи, д. 1$bЗвукозапись$lопера$rоркестр$rсопрано |
| -- |
700#1$9z01790$aЧайковский$bП. И.$gПетр Ильич$f1840-1893$4230$7ca |
| -- |
790#1$9z01700$aČajkovskij$bP. I.$gPetr Il`ič$f1840-1893$4230$7ba |
| Заглавие |
Ариозо Наташи |
| Автор |
Чайковский, Петр Ильич (1840-1893) |
| 464 #0 - АНАЛИТИЧЕСКИЙ УРОВЕНЬ |
| Встроенное поле |
2001#$aАриозо Иоланты$eиз оперы "Иоланта"$fП. Чайковский |
| -- |
50000$aИоланта$iАриозо Иоланты$bЗвукозапись$lопера$rоркестр$rсопрано |
| Заглавие |
Ариозо Иоланты |
| 464 #0 - АНАЛИТИЧЕСКИЙ УРОВЕНЬ |
| Встроенное поле |
2001#$aДва ариозо Лизы$eиз оперы "Пиковая дама", д. 1, 3$fП. Чайковский |
| -- |
50000$aПиковая дама$iДва ариозо Лизы, д. 1, 3$bЗвукозапись$lопера$rоркестр$rсопрано |
| Заглавие |
Два ариозо Лизы |
| 464 #0 - АНАЛИТИЧЕСКИЙ УРОВЕНЬ |
| Встроенное поле |
2001#$aАрия Иоанны$eиз оперы "Орлеанская дева", д. 1$fП. Чайковский$gсопровождает : Оркестр Большого театра СССР, дирижёры Б. Хайкин (1-5, 7), А. Мелик-Пашаев (6) |
| -- |
50000$aОрлеанская дева$iАрия Иоанны, д. 1$bЗвукозапись$lопера$rоркестр$rсопрано |
| Заглавие |
Ария Иоанны |
| 606 1# - НАИМЕНОВАНИЕ ТЕМЫ КАК ПРЕДМЕТ |
| Наименование темы |
Сопрано советские российские |
| Хронологический подзаголовок |
19-20 вв. |
| Формальный подзаголовок |
Звукозапись |
| Код системы |
nlr_sh |
| 606 1# - НАИМЕНОВАНИЕ ТЕМЫ КАК ПРЕДМЕТ |
| Наименование темы |
Арии из опер для сопрано |
| Формальный подзаголовок |
Звукозапись |
| Код системы |
nlr_sh |
| 606 1# - НАИМЕНОВАНИЕ ТЕМЫ КАК ПРЕДМЕТ |
| Наименование темы |
Дирижёры советские российские |
| Хронологический подзаголовок |
20-21 вв. |
| Формальный подзаголовок |
Звукозапись |
| Код системы |
nlr_sh |
| 606 1# - НАИМЕНОВАНИЕ ТЕМЫ КАК ПРЕДМЕТ |
| Наименование темы |
Симфонические оркестры советские российские |
| Хронологический подзаголовок |
19-20 вв. |
| Формальный подзаголовок |
Звукозапись |
| Код системы |
nlr_sh |
| 606 1# - НАИМЕНОВАНИЕ ТЕМЫ КАК ПРЕДМЕТ |
| Наименование темы |
Арии из опер русских композиторов для сопрано |
| Хронологический подзаголовок |
19 век |
| Формальный подзаголовок |
Звукозапись |
| Код системы |
nlr_sh |
| 686 0# - ИНДЕКСЫ ДРУГИХ КЛАССИФИКАЦИЙ |
| Индекс |
Щ943.1, 8(2) |
| 686 0# - ИНДЕКСЫ ДРУГИХ КЛАССИФИКАЦИЙ |
| Индекс |
Щ943.1-071я43(28) |
| 700 #1 - ИМЯ ЛИЦА - ПЕРВИЧНАЯ ОТВЕТСТВЕННОСТЬ |
| Системный номер авторитетной/нормативной записи |
z04790 |
| Начальный элемент ввода |
Вишневская |
| Часть имени, кроме начального элемента ввода |
Г. П. |
| Дополнения к именам, кроме дат |
сопрано |
| Даты |
1926-2012 |
| Расширение инициалов личного имени |
Галина Павловна |
| Код отношения |
Исполнитель |
| -- |
|
| Графика поля |
Кириллица |
| 702 #1 - ИМЯ ЛИЦА - ВТОРИЧНАЯ ОТВЕТСТВЕННОСТЬ |
| Системный номер авторитетной/нормативной записи |
z05790 |
| Начальный элемент ввода |
Мелик-Пашаев |
| Часть имени, кроме начального элемента ввода |
А. Ш. |
| Даты |
1905-1964 |
| Расширение инициалов личного имени |
Александр Шамильевич |
| Код отношения |
Дирижер, Руководитель оркестра |
| 702 #1 - ИМЯ ЛИЦА - ВТОРИЧНАЯ ОТВЕТСТВЕННОСТЬ |
| Системный номер авторитетной/нормативной записи |
z06790 |
| Начальный элемент ввода |
Хайкин |
| Часть имени, кроме начального элемента ввода |
Б.Э. |
| Дополнения к именам, кроме дат |
дирижер |
| Даты |
1904-1978 |
| Расширение инициалов личного имени |
Борис Эммануилович |
| Код отношения |
Дирижер, Руководитель оркестра |
| Графика поля |
Кириллица |
| 712 02 - НАИМЕНОВАНИЕ ОРГАНИЗАЦИИ - ВТОРИЧНАЯ ОТВЕТСТВЕННОСТЬ |
| Начальный элемент ввода |
Оркестр Большого театра СССР |
| Код отношения |
Прочие |
| Графика поля |
Кириллица |
| 790 #1 - ИМЯ ЛИЦА - АЛЬТЕРНАТИВНАЯ ФОРМА |
| Системный номер авторитетной/нормативной записи |
z04700 |
| Начальный элемент ввода |
Višnevskaja |
| Часть имени, кроме начального элемента ввода |
G. |
| Даты |
1926-2012 |
| Расширение инициалов личного имени |
Galina |
| Код отношения |
Исполнитель |
| -- |
|
| Графика поля |
Латинская |
| 790 #1 - ИМЯ ЛИЦА - АЛЬТЕРНАТИВНАЯ ФОРМА |
| Системный номер авторитетной/нормативной записи |
z05702 |
| Начальный элемент ввода |
Melik-Pašaev |
| Часть имени, кроме начального элемента ввода |
A. |
| Даты |
1905-1964 |
| Расширение инициалов личного имени |
Alexander |
| Код отношения |
Дирижер, Руководитель оркестра |
| Графика поля |
Латинская |
| 790 #1 - ИМЯ ЛИЦА - АЛЬТЕРНАТИВНАЯ ФОРМА |
| Системный номер авторитетной/нормативной записи |
z06702 |
| Начальный элемент ввода |
Chajkin |
| Часть имени, кроме начального элемента ввода |
B. |
| Даты |
1904-1978 |
| Расширение инициалов личного имени |
Boris |
| Код отношения |
Дирижер, Руководитель оркестра |
| Графика поля |
Латинская |
| 801 #0 - ИСТОЧНИК ЗАПИСИ |
| Страна |
Российская Федерация |
| Организация |
NLR |
| Дата составления |
20220411 |
| Правила каталогизации |
PSBO |
| 801 #1 - ИСТОЧНИК ЗАПИСИ |
| Страна |
Российская Федерация |
| Организация |
NLR |
| Дата составления |
20220411 |
| Источник данных |
rusmarc |
| 801 #2 - ИСТОЧНИК ЗАПИСИ |
| Страна |
Российская Федерация |
| Организация |
NLR |
| Дата составления |
20220412 |
| 852 ## - МЕСТОНАХОЖДЕНИЕ И ШИФР ХРАНЕНИЯ |
| Идентификатор организации |
NLR |
| Наименование фонда или коллекции (Sub-Location Identifier) |
Мг |
| Шифр хранения (Call Number) |
3/546 |
| Страна |
|
| Номер экземпляра |
1 |
| 942 ## - ДОПОЛНИТЕЛЬНЫЕ ЭЛЕМЕНТЫ ЗАПИСИ (АБИС) |
| Тип экземпляра АБИС |
Звукозапись |
| 980 ## - КОЛЛЕКЦИЯ |
| Название коллекции |
Национальная библиография |
| 980 ## - КОЛЛЕКЦИЯ |
| Название коллекции |
Отдел нот и звукозаписей |